000 00629nam a2200229 a 4500
001 1479204
005 20180208044812.0
008 880609s1988 enka b 001 0 eng
010 _a 87033844
020 _a052135465X
020 _a0521354668 (diskette)
040 _aDLC
_cDLC
_dDLC
041 _aeng
080 _a005.133
082 0 0 _a005.133 PRE
_219
100 _a30
101 _aSHKI
245 0 0 _aNumerical recipes in C :
_cWilliam H. Press ... [et al.].
504 _aBibliography: p. 689-693.
906 _a7
_bcbc
_corignew
_d1
_eocip
_f19
_gy-gencatlg
942 _2ddc
_cBK
999 _c42118
_d42118